Khối lượng và ma trận trộn lepton trong cơ chế seesaw loại I với mô hình đối xứng A4 : Luận văn Thạc sĩ Vật lý. Chuyên ngành Vật lý lý thuyết và Vật lý toán

Trình bày tổng quan về mô hình chuẩn và cơ chế seesaw loại I, mô hình chuẩn với đối xứng A4, khối lượng và ma trận trộn lepton trong mô hình đối xứng A4 với cơ chế seesaw loại I.

Sparad:
Bibliografiska uppgifter
Huvudupphovsman: Đỗ, Thị Mỹ Duyên
Materialtyp: Bok
Språk:Undetermined
Publicerad: Cần Thơ Trường Đại học Cần Thơ 2019
Ämnen:
Taggar: Lägg till en tagg
Inga taggar, Lägg till första taggen!
Thư viện lưu trữ: Trung tâm Học liệu Trường Đại học Cần Thơ
LEADER 01176nam a2200217Ia 4500
001 CTU_231723
008 210402s9999 xx 000 0 und d
082 |a 539.7211 
082 |b D527 
088 |a 8440103 
100 |a Đỗ, Thị Mỹ Duyên 
245 0 |a Khối lượng và ma trận trộn lepton trong cơ chế seesaw loại I với mô hình đối xứng A4 : 
245 0 |b Luận văn Thạc sĩ Vật lý. Chuyên ngành Vật lý lý thuyết và Vật lý toán 
245 0 |c Đỗ Thị Mỹ Duyên ; Nguyễn Thanh Phong (Cán bộ hướng dẫn) 
260 |a Cần Thơ 
260 |b Trường Đại học Cần Thơ 
260 |c 2019 
520 |a Trình bày tổng quan về mô hình chuẩn và cơ chế seesaw loại I, mô hình chuẩn với đối xứng A4, khối lượng và ma trận trộn lepton trong mô hình đối xứng A4 với cơ chế seesaw loại I. 
650 |a Particles (Nuclear physics),Hạt (Vật lý hạt nhân) 
910 |b nthai 
980 |a Trung tâm Học liệu Trường Đại học Cần Thơ